00875nam a2200169Ia 4500008004100000020001800041050001500059100003900074245012500113260003300238300001800271490002400289500004400313505030800357650001800665650002200683120626s1983 mx 000 0 spa d a968-432-120-1 aPA3976bE8 aEurípides.d484-406 a. C.eautor aLas diecinueve tragediasc/ Eurípides; versión directa del griego con una introducción de Ángel Ma. Garibay K.  aMéxicob: Porrúac, 1983 a517 páginas aSepan cuantosv: 24 aIncluye: Introducción, bibliografía aVida de Eurípides Obra de Eurípides El Cíclope Alcestes Medea Los Heraclidas Hipólito Andrómaca Hécuba Las locuras de Eraclés Suplicantes Ion Las troyanas Ifigenia en tauris Electra Helena Las fenicias Orestes Ifigenia de Aulis Baquides Reso  0aTEATRO GRIEGO 0aLITERATURA GRIEGA